Statistiken für Top 15 der betroffenen Covid-19-Länder - 25. August

Klicken Sie hier um das Quiz zu spielen!

Allgemein

  • Dieses Quiz wurde 11 mal gespielt
  • Das Durchschnittsergebnis liegt bei 12 aus 25

Antwortstatistiken

Land% Korrekt
Vereinigte Staaten
91%
Brasilien
82%
Mexiko
82%
Russland
82%
Argentinien
73%
Chile
73%
Chile
73%
Kolumbien
73%
Peru
73%
Indien
64%
Vereinigtes Königreich
64%
Bolivien
55%
Spanien
55%
Südafrika
55%
Iran
45%
Katar
36%
Saudi-Arabien
36%
Armenien
27%
Bahrain
27%
Kuwait
27%
Bangladesch
18%
Oman
18%
Panama
9%
Singapur
9%
Israel
0%

Verteilung der Resultate

Perzentil nach korrekt beantworteten Fragen

Anzahl Personen mit jedem Resultat

Ihre Resultats-Entwicklung

Sie haben dieses Quiz noch nicht gespielt